[Event "HUN-chT4 2223"]
[Site "Gyor"]
[Date "2022.12.11"]
[Round "3"]
[White "Molnar, Gabor"]
[Black "Horvath, Tibor"]
[Result "1/2-1/2"]
[WhiteElo "1950"]
[BlackElo "1831"]
[PlyCount "180"]
[EventDate "2022.10.09"]
[EventType "team-tourn"]
[EventRounds "7"]
[EventCountry "HUN"]
[SourceTitle "EXT 2024"]
[Source "ChessBase"]
[SourceDate "2023.10.10"]
[SourceVersion "1"]
[SourceVersionDate "2023.10.10"]
[SourceQuality "1"]
[WhiteTeam "Gyor Szechenyi II"]
[BlackTeam "Szigetkoez"]
[WhiteTeamCountry "HUN"]
[BlackTeamCountry "HUN"]

1. d4 Nf6 2. Nf3 e6 3. g3 b6 4. Bg2 Bb7 5. 0-0 Be7 6. c4 0-0 7. Nc3 Ne4 8. Qc2 Nxc3 9. bxc3 f5 10. Rd1 Be4 11. Qa4 d5 12. Bf4 g5 13. Be5 Qd7 14. Qb3 Nc6 15. cxd5 Na5 16. Qb2 Qxd5 17. Ne1 Bxg2 18. Nxg2 Nc4 19. Qb3 c6 20. f4 g4 21. Qc2 Qxg2+ 22. Kxg2 Ne3+ 23. Kf2 Nxc2 24. Rac1 Na3 25. c4 Rfd8 26. Rd3 Rac8 27. c5 Nb5 28. a4 Nxd4 29. Bxd4 Rxd4 30. Rxd4 Bxc5 31. Rxc5 bxc5 32. Rd6 Kf7 33. Rd7+ Kg6 34. Rxa7 Rd8 35. Rc7 Ra8 36. Rxc6 Rxa4 37. Rxe6+ Kg7 38. Re5 Kf6 39. Rxc5 Re4 40. Rc7 Kg6 41. Rc8 Kg7 42. Rc5 Kf6 43. Rc6+ Kg7 44. Rc3 Kf6 45. Re3 Ra4 46. Re5 Ra2 47. Kg2 h5 48. h4 Rb2 49. Kf2 Ra2 50. Re8 Kg7 51. Rd8 Ra1 52. Rd3 Kf6 53. Rc3 Rh1 54. Ke3 Rh2 55. Kd3 Rg2 56. Kd2 Rg1 57. Re3 Ra1 58. Kd3 Ra4 59. Kc3 Ra3+ 60. Kd4 Ra4+ 61. Kc5 Ra5+ 62. Kb6 Ra2 63. Kb7 Rc2 64. Kb6 Rc8 65. Kb5 Rc2 66. Kb4 Rc8 67. Re5 Rc2 68. e4 fxe4 69. Rxe4 Rg2 70. Re3 Rc2 71. Rc3 Rb2+ 72. Kc4 Rd2 73. Rd3 Rc2+ 74. Kd4 Re2 75. Rb3 Rd2+ 76. Rd3 Re2 77. Kd5 Re8 78. Kc5 Rc8+ 79. Kd4 Re8 80. Rb3 Rd8+ 81. Ke3 Re8+ 82. Kd2 Rd8+ 83. Rd3 Ra8 84. Rd6+ Kf5 85. Ke3 Ra3+ 86. Rd3 Ra1 87. Rd5+ Kg6 88. Ke4 Re1+ 89. Kd3 Rg1 90. Ke4 Re1+ 1/2-1/2

[Event "HUN-chT2 Breyer 1415"]
[Site "Hungary"]
[Date "2015.02.08"]
[Round "?"]
[White "Finszter, Mate"]
[Black "Molnar, Gabor"]
[Result "1-0"]
[WhiteElo "2153"]
[BlackElo "1955"]
[PlyCount "107"]
[EventDate "2014.09.07"]
[EventType "team-tourn"]
[EventRounds "11"]
[EventCountry "HUN"]
[SourceTitle "EXT 2016"]
[Source "ChessBase"]
[SourceDate "2015.10.08"]
[SourceVersion "1"]
[SourceVersionDate "2015.10.08"]
[SourceQuality "1"]
[WhiteTeam "Gyor UDSE"]
[BlackTeam "Szechenyi"]
[WhiteTeamCountry "HUN"]
[BlackTeamCountry "HUN"]

1. Nf3 d5 2. c4 c6 3. b3 Nf6 4. Bb2 Bf5 5. d3 e6 6. g3 Be7 7. Bg2 0-0 8. 0-0 Nbd7 9. Nbd2 Qb6 10. Rc1 Rac8 11. Rc2 Nc5 12. Ne5 Rfd8 13. Qa1 Ne8 14. g4 Bg6 15. Rb1 Bf6 16. Nxg6 hxg6 17. b4 Na4 18. Bxf6 Nxf6 19. g5 Ng4 20. c5 Qc7 21. Nf3 f6 22. b5 Qf4 23. a3 cxb5 24. Rxb5 d4 25. Rc4 a6 26. Rbb4 b5 27. Rxd4 Rxd4 28. Rxd4 Qf5 29. Bh3 Qxc5 30. Bxg4 f5 31. Bh3 Nc3 32. Bf1 e5 33. Rb4 e4 34. Ne1 Qe5 35. Qb2 Qf4 36. Ng2 Qxg5 37. dxe4 Nxe4 38. Qa2+ Kh7 39. Rb3 Nc3 40. Qb2 Qf6 41. Rb4 g5 42. Ne3 f4 43. Qc2+ g6 44. Nd5 Nxd5 45. Qxc8 Nxb4 46. axb4 Qd4 47. Qh3+ Kg7 48. Qb3 g4 49. e3 Qe5 50. Qd3 g3 51. Qd4 gxh2+ 52. Kh1 Kf6 53. Qxe5+ Kxe5 54. Bd3 1-0

[Event "HUN-chT2 Toth 1011"]
[Site "Hungary"]
[Date "2011.05.01"]
[Round "10.7"]
[White "Molnar, Gabor"]
[Black "Szili, Istvan"]
[Result "1-0"]
[WhiteElo "1977"]
[BlackElo "2004"]
[PlyCount "103"]
[EventDate "2010.09.12"]
[EventType "team-tourn"]
[EventRounds "11"]
[EventCountry "HUN"]
[SourceTitle "EXT 2012"]
[Source "ChessBase"]
[SourceDate "2011.11.24"]
[SourceVersion "1"]
[SourceVersionDate "2011.11.24"]
[SourceQuality "1"]
[WhiteTeam "Szolnok"]
[BlackTeam "Takisz"]
[WhiteTeamCountry "HUN"]
[BlackTeamCountry "HUN"]

1. d4 e6 2. Nf3 d5 3. Bf4 Bd6 4. Bg3 c5 5. e3 Nf6 6. Nbd2 0-0 7. dxc5 Bxc5 8. Nb3 Bd6 9. Be2 Nc6 10. Bxd6 Qxd6 11. 0-0 e5 12. c4 Rd8 13. cxd5 Qxd5 14. Qxd5 Nxd5 15. Rfd1 Bg4 16. h3 Bf5 17. Bb5 Bc2 18. Rd2 Ndb4 19. Bxc6 Rxd2 20. Bxb7 Rb8 21. Nbxd2 Rxb7 22. Nxe5 f6 23. Nef3 a5 24. Rc1 Bg6 25. b3 Nxa2 26. Ra1 Nc3 27. Rxa5 h6 28. Nd4 Bf7 29. Ra3 Rb4 30. Ra8+ Kh7 31. Rc8 Nb5 32. Rb8 Rxd4 33. exd4 Nxd4 34. b4 Nc6 35. Rb6 Bd5 36. f3 Kg8 37. Rxc6 Bxc6 38. Kf2 Kf7 39. Ke3 Ke6 40. Kd4 Kd6 41. Ne4+ Kc7 42. Kc5 f5 43. Nd6 Bd7 44. b5 g5 45. b6+ Kb8 46. Kd5 g4 47. fxg4 fxg4 48. h4 g3 49. Ke5 Bc6 50. Kf4 Bxg2 51. Kxg3 Bd5 52. Kg4 1-0

[Event "HUN-chT U20"]
[Site "Budapest"]
[Date "2004.12.30"]
[Round "7"]
[White "Molnar, Gabor"]
[Black "Hando, Vilmos"]
[Result "1-0"]
[WhiteElo "1559"]
[BlackElo "1970"]
[PlyCount "44"]
[EventDate "2004.12.27"]
[EventType "team"]
[EventRounds "7"]
[EventCountry "HUN"]
[SourceTitle "EXT 2008"]
[Source "ChessBase"]
[SourceDate "2007.11.25"]
[SourceVersion "1"]
[SourceVersionDate "2007.11.25"]
[SourceQuality "1"]

1. e4 c5 2. Nf3 e6 3. d4 cxd4 4. Nxd4 a6 5. Be2 Qc7 6. Nc3 Bb4 7. 0-0 Bxc3 8. bxc3 Qxc3 9. Be3 Nc6 10. f4 Qxe3+ 11. Kh1 Qxd4 12. Bd3 Nb4 13. Qf3 Nxd3 14. cxd3 d5 15. e5 Ne7 16. Qg4 Nf5 17. Rad1 h5 18. Qg5 Rh6 19. Rf3 Bd7 20. Rdf1 f6 21. exf6 Qxf6 22. Qxf6 gxf6 1-0